| 000 | 00406pam a2200169 a 4500 | ||
|---|---|---|---|
| 020 | _cpaper back | ||
| 041 | _aeng | ||
| 082 |
_a621.382 _bWIN |
||
| 100 | _aWINCH | ||
| 245 |
_aTELECOMMUNICATION TRANSMISSION SYSTEM _hTextual Documents |
||
| 250 | _a01-01-1993 | ||
| 260 | _bMC GRAWHILL INTN. | ||
| 300 | _axii540 | ||
| 500 | _a355 | ||
| 653 | _aTELECOM NETWORK and MANAGEMENT (B.E.II) | ||
| 930 | _a187 | ||
| 999 |
_c43417 _d43417 |
||